NBA Champions: Loser Edition - Statistics

General Stats
  • This quiz has been taken 28 times
    9 since last reset
  • The average score is 33 of 74
Answer Stats
Year Loser % Correct
2022 Celtics
100%
2020 Heat
100%
2014 Heat
100%
2021 Suns
100%
2019 Warriors
100%
2016 Warriors
100%
2018 Cavaliers
88%
2017 Cavaliers
88%
2015 Cavaliers
88%
2010 Celtics
88%
2023 Heat
88%
2011 Heat
88%
2013 Spurs
88%
1998 Jazz
75%
1997 Jazz
75%
2008 Lakers
75%
2004 Lakers
75%
2005 Pistons
75%
2012 Thunder
75%
2006 Mavericks
63%
2003 Nets
63%
2007 Cavaliers
50%
1987 Celtics
50%
1991 Lakers
50%
1989 Lakers
50%
2009 Magic
50%
1995 Magic
50%
2002 Nets
50%
2000 Pacers
50%
1993 Suns
50%
1974 Bucks
38%
1985 Celtics
38%
1999 Knicks
38%
1984 Lakers
38%
1983 Lakers
38%
1973 Lakers
38%
1970 Lakers
38%
1969 Lakers
38%
1968 Lakers
38%
1966 Lakers
38%
1965 Lakers
38%
1963 Lakers
38%
1962 Lakers
38%
1959 Lakers
38%
1992 Blazers
25%
1958 Celtics
25%
1994 Knicks
25%
1950 Nationals
25%
1988 Pistons
25%
1956 Pistons
25%
1955 Pistons
25%
2001 Sixers
25%
1996 Sonics
25%
1976 Suns
25%
1967 Warriors
25%
1964 Warriors
25%
1990 Blazers
13%
1979 Bullets
13%
1975 Bullets
13%
1971 Bullets
13%
1961 Hawks
13%
1960 Hawks
13%
1957 Hawks
13%
1972 Knicks
13%
1953 Knicks
13%
1952 Knicks
13%
1951 Knicks
13%
1954 Nationals
13%
1986 Rockets
13%
1981 Rockets
13%
1982 Sixers
13%
1980 Sixers
13%
1977 Sixers
13%
1978 Sonics
13%
No matching quizzes found
Score Distribution
Percent of People with Each Score
Percentile by Number Answered
Your Score History
You have not taken this quiz since the last reset